Ser humano en el siglo XXI (Record no. 183557)

MARC details
000 -LEADER
campo de control de longitud fija 01055nam a2200301 i 4500
001 - NÚMERO DE CONTROL
campo de control 183557
003 - IDENTIFICADOR DE NÚMERO DE CONTROL
campo de control ES-MaACL
005 - FECHA Y HORA DE LA ÚLTIMA TRANSACCIÓN
campo de control 20251011063200.0
008 - DATOS DE LONGITUD FIJA--INFORMACIÓN GENERAL
campo de control de longitud fija 140718s2013 sp | |||||||| | spa d
020 ## - NÚMERO INTERNACIONAL ESTÁNDAR DEL LIBRO
Número Internacional Estándar del Libro 978-84-9045-074-1
080 ## - NÚMERO DE LA CLASIFICACIÓN DECIMAL UNIVERSAL
Número de la Clasificación Decimal Universal 165
080 ## - NÚMERO DE LA CLASIFICACIÓN DECIMAL UNIVERSAL
Número de la Clasificación Decimal Universal 165.23
080 ## - NÚMERO DE LA CLASIFICACIÓN DECIMAL UNIVERSAL
Número de la Clasificación Decimal Universal 17
100 1# - ENTRADA PRINCIPAL--NOMBRE DE PERSONA
Nombre de persona Ferraz Fayos, Antonio,
Fechas asociadas al nombre 1928-
9 (RLIN) 50345
245 10 - MENCIÓN DEL TÍTULO
Título Ser humano en el siglo XXI
Resto del título : atrévete a pensar /
Mención de responsabilidad, etc. Antonio Ferraz.
260 ## - PUBLICACIÓN, DISTRIBUCIÓN, ETC.
Lugar de publicación, distribución, etc. Granada :
Nombre del editor, distribuidor, etc. Comares,
Fecha de publicación, distribución, etc. 2013.
300 ## - DESCRIPCIÓN FÍSICA
Extensión XII, 403 p. ;
Dimensiones 22 cm.
490 1# - MENCIÓN DE SERIE
Mención de serie Filosofía "hoy" ;
Designación de volumen o secuencia 48
505 8# - NOTA DE CONTENIDO CON FORMATO
Nota de contenido con formato Contiene: 1ª parte ;
Título Mitología, filosofía, ciencia - 2ª parte ;
-- El problema del conocimiento - 3ª parte ;
-- La realidad - 4ª parte ;
-- La acción moral
650 #7 - PUNTO DE ACCESO ADICIONAL DE MATERIA--TÉRMINO DE MATERIA
Término de materia o nombre geográfico como elemento de entrada Epistemología.
9 (RLIN) 12338
650 07 - PUNTO DE ACCESO ADICIONAL DE MATERIA--TÉRMINO DE MATERIA
Término de materia o nombre geográfico como elemento de entrada Realidad.
9 (RLIN) 16683
650 #7 - PUNTO DE ACCESO ADICIONAL DE MATERIA--TÉRMINO DE MATERIA
Término de materia o nombre geográfico como elemento de entrada Ética
Fuente del encabezamiento o término embne
9 (RLIN) 12577
830 0# - PUNTO DE ACCESO ADICIONAL DE SERIE-TÍTULO UNIFORME
Título uniforme Filosofía "hoy" ;
Designación de volumen o secuencia 48
9 (RLIN) 182438
852 ## - LOCALIZACIÓN
Ubicación ES-MaACL
Número de control de estantería A-13067
itemnumber 190499
Sublocalización o colección R.150095
Ubicación en estantería Depósito 1
Signatura antigua Olim: N-6167
942 ## - ELEMENTOS DE ENTRADA SECUNDARIOS (KOHA)
Fuente del sistema de clasificación o colocación Clasificación decimal universal
Tipo de ítem Koha Libro impreso
Holdings
Estatus retirado Estado de pérdida Fuente del sistema de clasificación o colocación Estado de daño No para préstamo Biblioteca de origen Biblioteca actual Ubicación en estantería Fecha de adquisición Total de préstamos Signatura topográfica completa Código de barras Visto por última vez Precio de reemplazo Tipo de ítem Koha
    Clasificación decimal universal     Biblioteca del Ateneo de Madrid Biblioteca del Ateneo de Madrid Depósito 1 18/07/2014   A-13167 1192938 23/02/2023 23/02/2023 Libro impreso